LEADER 01294nam 2200349Ia 450 001 996384876503316 005 20221108075209.0 035 $a(CKB)4940000000074839 035 $a(EEBO)2248537977 035 $a(OCoLC)12068179 035 $a(EXLCZ)994940000000074839 100 $a19850522d1689 uy | 101 0 $aeng 135 $aurbn||||a|bb| 200 14$aThe character of the Protestants of Ireland$b[electronic resource] $eimpartially set forth in a letter, in answer to seven queries ... : with remarks upon the great charge England is like to be at with those people, and the destruction of that kingdom by famine, if not prevented 210 $aLondon $cPrinted for Dorman Newman ...$d1689 215 $a[2], 30 p 300 $aAttributed to George Halifax. Cf. Halkett & Laing (2nd ed.). 300 $aReproduction of original in Yale University Library. 330 $aeebo-0198 606 $aProtestants$zIreland 607 $aIreland$xEconomic conditions 615 0$aProtestants 700 $aHalifax$b George Savile$cMarquis of,$f1633-1695.$0249499 801 0$bEAA 801 1$bEAA 801 2$bm/c 801 2$bWaOLN 906 $aBOOK 912 $a996384876503316 996 $aThe character of the Protestants of Ireland$92309388 997 $aUNISA LEADER 01942oam 2200373z 450 001 9910792906803321 005 20230203181700.0 035 $a(CKB)3710000001409672 035 $a(MiAaPQ)EBC4889996 035 $a(EXLCZ)993710000001409672 100 $a20171113d2017 uy 0 101 0 $aeng 135 $aur||||||||||| 181 $ctxt$2rdacontent 182 $cc$2rdamedia 183 $acr$2rdacarrier 200 10$aHistorical dictionary of the Russo-Japanese War /$fRotem Kowner 205 $aSecond edition. 210 1$aLanham, MD:$cRowman & Littlefield,$d2017. 215 $a1 online resource (lvi, 841 pages) 225 1 $aHistorical dictionaries of war, revolution, and civil unrest (Unnumbered) 311 0 $a1-4422-8183-9 311 0 $a1-4422-8184-7 327 $aChronology -- Introduction -- The dictionary -- Appendix 1: War proclamations -- Appendix 2: Imperial edict on peace with Russia (September 1905) -- Appendix 3: War-related treaties -- Appendix 4: Glossary of Port Arthur site names -- Appendix 5: Military ranks -- Appendix 6: Military balance in East Asia during the war (1904-1905) -- Appendix 7: Japanese intelligence branches during the war. 330 $aThis second edition of Historical Dictionary of the Russo-Japanese War contains a chronology, an introduction, appendixes, and a bibliography. The dictionary section has over 700 cross-referenced entries on the battles, weaponry, and major personalities of the war, but also various international events and conflicts that led to the war. 410 0$aHistorical dictionaries of war, revolution, and civil unrest (Unnumbered) 606 $aRusso-Japanese War, 1904-1905$vDictionaries 615 0$aRusso-Japanese War, 1904-1905 676 $a952.03/1 700 $aKowner$b Rotem$01473618 906 $aBOOK 912 $a9910792906803321 996 $aHistorical dictionary of the Russo-Japanese War$93719046 997 $aUNINA